Novel polyisobutylene-based thermoplastic elastomers (Record no. 64108)

MARC details
000 -LEADER
fixed length control field 00421nam a2200133Ia 4500
100 ## - MAIN ENTRY--AUTHOR NAME
Personal name Puskas J E
245 #0 - TITLE STATEMENT
Title Novel polyisobutylene-based thermoplastic elastomers
260 ## - PUBLICATION, DISTRIBUTION, ETC. (IMPRINT)
Name of publisher RUBCON 2002: Proceedings of the Indian Rubber Conference January 12-13. pp.9-20
Year of publication 2002
300 ## - PHYSICAL DESCRIPTION
Number of Pages 20-Sep
650 ## - SUBJECT ADDED ENTRY--TOPICAL TERM
Topical Term Thermoplastic elastomers
700 ## - ADDED ENTRY--PERSONAL NAME
Personal name Chattopadhyay S
942 ## - ADDED ENTRY ELEMENTS (KOHA)
Koha item type Journals
Holdings
Withdrawn status Lost status Damaged status Not for loan Home library Current library Shelving location Date acquired Koha item type
      Journals RRII Library RRII Library Rubber chemistry 26/11/2002 Journals